| 000 | 01401cam a22001814a 4500 | ||
|---|---|---|---|
| 005 | 20250605164120.0 | ||
| 008 | 250528s ||||||||||||||||||||||||d | ||
| 035 | _a18222 | ||
| 040 |
_aGR-AtMCL _bgre _dGR-AtMCL _eAACR2 |
||
| 245 | 1 | _aΕισαγωγή και προγραμματισμός με την dBASE III | |
| 260 |
_bΠαπασωτηρίου, _c1987 |
||
| 300 | _a144 | ||
| 520 | _aΕισαγωγή στην dBASE III, Σχεδιασμός της Database, Ανάπτυξη Database με την dBASE III, Διαδικασία Τροποποίησης της Database, SORT και INDEX, Δημιουργία Αποτελεσμάτων, Εισαγωγή στον Προγραμματισμό της dBASE III, Λήψη Αποφάσεων εντός των Προγραμμάτων της dBASE III, Επεξεργασία Φακέλων, Δημιουργία Οθόνης, Περισσότερος Προγραμματισμός με την dBASE III, Βελτίωση του Προγράμματος, Επικοινωνία με dBASE III, Μετατροπή Προγραμμάτων dBASE II σε dBASE III, Υποδείγματα Προγραμμάτων με την dBASE III, Ανακεφαλαίωση των Εντολών της dBASE III, Εισαγωγή στην dBASE III PLUS. | ||
| 700 | 1 |
_aΚαραϊσκος Μ _94506 |
|
| 942 | _cBK | ||
| 999 |
_c3597 _d3597 |
||